Banská Štiavnica Nový zámok

Zobrazenie: V bielom orámovaní pohľad pomedzi dva stromy na hrad v pozadí, čnejúci sa nad stromami. Za stromom, ktorý je v popredí vpravo, sú dve budovy

Bibliographic Details
Format: Photo
Language:Slovak
Published: Banská Štiavnica Fr. Müller, knihkupec [medzi 1919 a 1955?]
Subjects:

MARC

LEADER 00000ckm a2200000 a 4500
001 vtls011600474
003 SK-MaSNL
005 20260301140123.0
007 kf bo
008 231120q1919 xo g kuslo
015 |a SNBG 
035 |a urn:nbn:sk:snk-km00ehsq 
035 |a urn:nbn:sk:snk-km45xod 
035 |a AEA867F6-8453-4BA8-8720-9A00B1E4C553 
040 |a SNK  |b slo  |c SNK  |e AACR2 
041 0 |a slo 
043 |a e-xo--- 
044 |a xo  |c SK 
072 7 |a 913  |x Regionálna geografia  |2 konspekt 
080 |a 913(437.6)  |2 2011 
080 |a 904(084.121)  |2 2011 
080 |a 728.82  |2 2011 
245 0 0 |a Banská Štiavnica  |h grafika  |b Nový zámok 
260 |a Banská Štiavnica  |b Fr. Müller, knihkupec  |c [medzi 1919 a 1955?]  |e Holice  |f Grafo Čuda 
300 |a 1 pohľadnica  |b čiernobiela  |c 9 x 14 cm 
520 8 |a Zobrazenie: V bielom orámovaní pohľad pomedzi dva stromy na hrad v pozadí, čnejúci sa nad stromami. Za stromom, ktorý je v popredí vpravo, sú dve budovy 
610 2 7 |a Nový zámok (Banská Štiavnica, Slovensko)  |2 SNKKA  |9 165900 
650 0 7 |a kultúrne pamiatky  |2 SNKPH  |9 2862 
650 0 7 |a zámky  |2 SNKPH  |9 3041 
651 7 |a Banská Štiavnica (Slovensko)  |2 SNKPHgeo  |9 16373 
655 7 |a miestne pohľadnice  |2 SNKPH  |9 70510 
655 7 |a pohľadnice kultúrnych pamiatok  |2 SNKPH  |9 70523 
852 |a Slovenská národná knižnica 
954 |a pohľadnice pôvodné (slovenské)  |2 lita 
954 |a pohľadnice cudzojazyčné (svetové)  |2 lita 
958 |a OND 
958 |a GBN 
958 |a GC 
958 |a EUIPO 
999 |c 762521  |d 764451 
952 |a SNK  |b SNK  |y PREZ  |7 0  |p 17A1211779  |o snkSP 11869  |0 0  |1 0  |4 0  |d 2016-12-19  |f 1  |l 0  |r 2026-02-24 00:09:04  |w 2026-02-24